000 00888cam a2200265 a 4500
001 000007805
005 20200929154313.0
008 000831s1997 ck 000 0 spa
020 _a9589232396
040 _aDO-SdBNP
_cDLC
041 1 7 _aspa
_heng
_2Código de idioma MARC
082 _a869.341
_bE17r
100 1 _aQueiros, Eca de,
_c(José María)
_d1845-1900.
_921514
240 1 0 _aA reliquia.
_lEspañol
245 1 3 _aLa reliquia /
_cJosé María Eca de Queiroz ; traducción, Ramón del Valle Inclán.
260 _aBogota :
_bAltamir,
_c1997.
300 _a241 p. ;
_c21 cm.
490 1 _aBiblioteca Peregrina
534 _aTítulo original :
_tA reliquia
650 4 _aNovela portuguesa
_912951
650 4 _aLiteratura portuguesa
_912952
700 1 _aValle Inclán, Ramón del,
_etr.
_921515
830 0 _aBiblioteca Peregrina
_921516
910 _aCatalogación por copia / LC
999 _c7583
_d7583